000 00321 a2200109 4500
001 ART_12992
005 20260410161735.0
008 260409a
245 1 0 _aLa brecha presupuestaria. 2º Parte
100 1 _aApreda, Rodolfo
773 0 _tEjecutivos de finanzas
_g- Año 8, Nº 73 (feb. 1991)
_wREV2863
999 _c18180
_d18180